SUPREME COURT CIVIL APPEAL NO. 17 OF 1995 FRED KAMANDA VS UGANDA COMMERCIAL BANK (Record no. 8685)
[ view plain ]
| 000 -LEADER | |
|---|---|
| fixed length control field | 00431nam a22001097a 4500 |
| 008 - FIXED-LENGTH DATA ELEMENTS--GENERAL INFORMATION | |
| fixed length control field | 190710b xxu||||| |||| 00| 0 eng d |
| 010 ## - LIBRARY OF CONGRESS CONTROL NUMBER | |
| LC control number | SCCAF: 13 |
| 245 ## - TITLE STATEMENT | |
| Title | SUPREME COURT CIVIL APPEAL NO. 17 OF 1995 FRED KAMANDA VS UGANDA COMMERCIAL BANK |
| 260 ## - PUBLICATION, DISTRIBUTION, ETC. (IMPRINT) | |
| Name of publisher, distributor, etc | SUPREME COURT MENGO |
| 500 ## - GENERAL NOTE | |
| General note | (CORAM: WANBUZI,C.J., ODOKI, J.S.C., ODER,J.S.C.) |
| 500 ## - GENERAL NOTE | |
| General note | (APPEAL FROM THE JUDGEMENT OF HIGH COURT OF UGANDA(KIREJU J.) DATED 6TH FEBRUARY) |
| Withdrawn status | Lost status | Source of classification or shelving scheme | Damaged status | Koha normalized classification for sorting | Not for loan | Location (home branch) | Sublocation or collection (holding branch) | Shelving location | Date acquired | Koha issues (times borrowed) | Koha full call number | Piece designation (barcode) | Koha date last seen | Price effective from | Koha item type | Public note |
|---|---|---|---|---|---|---|---|---|---|---|---|---|---|---|---|---|
| Dewey Decimal Classification | SCCAF_13 | Law Development Centre Main Library | Law Development Centre Main Library | Law Reports | 07/10/2019 | SCCAF:13 | 584/2019 | 07/10/2019 | 07/10/2019 | Un Reported Cases | JUDGEMENT WAS ENTERED ON 15TH OF AUGUST 1996 |
